MDQL
is popping MORE tags! Check the
thread
!
Quizzes
Events
Quiz Creation
Community
Videos
Private Events
Remove Ads
Sign In
Join for FREE
Feedback
Dark Mode
Quiz Categories
Sports
Geography
Music
Movies
Television
Just For Fun
Miscellaneous
History
Literature
Language
Science
Gaming
Entertainment
Religion
Holiday
For Kids
Quiz Lab
Recent
Popular Today
Quiz Kudos Today
Editor Picks
Curator Picks
Quizzes by...
Day
Popularity
Type
Ratings
Length
Year
Community
Subscriptions
Recent Discussions
Orange Saloon
Badges
Playlists
Quests
Create
Leaderboards
Showdown
Live 5
Trivia Bingo
Activity
Puzzle Library
Sporcle Events
Private Events
Virtual Trivia
Globe League
Become a Host
Pub Owners
SporcleCon
Opinionation
Our Games
Videos
Blog
Mobile Apps
Partnerships
Remove Ads and Go Orange
Feedback
Entertainment
Celebrity
Famous
Musical
Broadway
Show
Quote
Comic Books
Anime
Superhero
DC Comics
Marvel
Cartoons
Animation
Entertainment
Celebrity
Famous
Musical
Broadway
Show
Quote
Comic Books
Anime
Superhero
DC Comics
Marvel
Cartoons
Animation
Random Quiz
Search Sporcle
×
Quiz Lab
Quiz Lab
Entertainment
Anime
Type in answers that appear in a list
Type in answers that appear in a list
Classic
Best Score? Go Orange.
Attack on Titan Characters Stats
Can you name the Attack on Titan characters?
By
Chenkama
12m
32 Questions
20.7K Plays
20,685 Plays
20,685 Plays
Comments
Comments
Give Quiz Kudos
Give Quiz Kudos
-
- Ratings
hide this ad
More Info
Forced Order
Answers have to be entered in order
Answers have to be entered in order
Wrong Answers
Some wrong answers will appear in red
Some wrong answers will appear in red
Random Order
Randomize order of answers
Randomize order of answers
Replay
Link that replays current quiz
Next Quiz
Link to next quiz in quiz playlist
You Got
0%
They Got
Avg Score
58%
Avg Friend Score
Upgrade to see
Score Distribution
Jump to the score distribution portion of the page
Score
0/32
Timer
12:00
0
Plays Today
Hint
Name
% Correct
Seeks to kill every titan in existence. A titan-
shifter. Age 15.
???
85%
Clean freak. Cold behavior, yet does not undervalue humanity. Short.
???
83.3%
Trained with her father since she was young. A titan-
shifter.
???
82.8%
Protective of her adoptive brother. The last of a race.
???
82.7%
Simple-
minded. Always has the urge to eat a lot.
???
82.6%
Excited by Titans. Conducts research on them.
???
80.2%
Little belief in himself. Above average intelligence.
???
75.9%
Serious and calculating. Very grim; accepts both good and bad news. Commander of the Scouting Legion.
???
75%
Shy. Does good deeds in hope of gaining honor for them. The shortest of the 104th.
???
74.3%
Has a strong sense of duty. A titan-
shifter.
???
73.2%
Believed to be a good leader. Once wanted to join the Military Police.
???
72%
Selfish and bossy, yet is kind to the one she wants to protect. A titan-
shifter.
???
71.5%
A doctor and father. Saved hundreds of lives from a plague.
???
68.6%
A quiet person with low self-
esteem. A titan-
shifter. The tallest of the 104th.
???
68.4%
Kind and caring. A skilled and experienced warrior. Killed by the female-
form titan.
???
67.3%
A mother. Forbade her son to join the Scouting Legion, and was later eaten.
???
65.4%
Hint
Name
% Correct
An elderly high ranking military officer. Calm and light-
hearted, likes wine.
???
61.6%
Respected by the group and considered a natural leader. Good at keeping trainees calm. Died, but it is unknown how.
???
61.1%
Emotional and outgoing. Yet not too intelligent.
???
61.1%
Caring, yet a bit cowardly. Looks after two other characters, ever since he failed to save their mother.
???
56.6%
Acknowledged leader with a tactical mind. Sniffs people.
???
50.6%
Instructor of the 104th Trainees Squad. Strict and frightening.
???
47.3%
Member of a religion worshipping the walls. Opposes modification of the walls.
???
43.6%
Part of the squad protecting Eren. Has a dirty mouth, imitates his squad leader, and is very sure of himself. Defeated by the female-
form titan.
???
42.2%
Part of the squad protecting Eren. Focuses on the task at hand. Had his neck snapped by a mysterious soldier.
???
39.5%
Her squad was killed by Titans and gear broken, so she ran into the forest, recording in a notebook. Encountered a speaking Titan, which ate her.
???
37.4%
Part of the Military Police. Usually grinning, and acts somewhat immature.
???
36.8%
Exchanged gear with the protagonist, which proved the protagonist's talent. Caught and eaten by a deviant.
???
32.9%
Killed by a Titan in the beginning. Arm recovered and given to his mother.
???
26.2%
Part of the Special Operations Squad (protecting Eren). Bitten in half by the female-
form titan.
???
24.4%
Sole survivor of the elite squads. Distrusts a titan-
shifter on her side.
???
22.7%
Leader of a unit in the Scouting Legion. Has a horse that likes eating hair. Killed by the female-
form titan.
???
14.6%
Quiz Playlist
Details
Report
Send in Message
Add To Playlist
More Info:
Can you guess 31 of the characters from Attack on Titan (Shingeki no Kyojin)? May contain spoilers and/or exclude a few minor characters.
Classic:
Type in answers that appear in a list
Forced Order:
Answers have to be entered in order
Wrong Answers:
Some wrong answers will appear in red
Random Order:
Randomize order of answers
Quiz Source
Last Updated: Feb 16, 2017
Quiz Scoreboard
CHALLENGE
Sign Up to Join the Scoreboard
Show All
Scores
Hide
Comments
May contain spoilers
Recently Published
Image Sorting: Flags VI
by Barbecue
Geography
2m
Find the 'City' Movie
by crazypaving
Movies
60s
Colored Red Africa Blitz
by spor1
Geography
45s
More to Explore
Quiz From the Vault
Featured Blog Post
14 Easter Pick-up Lines to Find Eggs With
hide this ad
You Might Also Like...
Tags
Anime Quiz
Anime Characters
Manga
Today's Top Quizzes in Entertainment
Browse Entertainment
hide this ad
Today's Top Quizzes in Anime
Browse Anime
Top Contributed Quizzes in Entertainment
1
Marvel Classic Character Map
2
Dragon Ball Z: Goku's Fights in Order
3
Marvel Characters Bunker
4
JoJo's Bizarre Logic Quiz
5
Harry Styles-Are you no.1 fan
6
Sorting Pictures: Villains
7
This is Your Life: Edward Elric
8
Celebrity Spelling Bee
9
This is Your Life: Itachi Uchiha
10
BOYS PLANET Quiz
Explore More
Trending Topics
Marvel
Kpop
NBA
Anime
Harry Potter
Disney
Crossword
Country
WWE
Song
The Office
Soccer
NFL
Pokémon
Puzzle
hide this ad
More By:
Chenkama
Quiz
Plays
Rating
Category
Featured
Created
Attack on Titan Characters
20,685
3.50
Entertainment
Jul 19, 2013
Go to Creator's Profile
Score Distribution
Quiz Creator Spotlight
Chenkama
Follow
Send a Message
Quizzes Created
-
Created Quiz Play Count
-
More By This Creator
Popular Quizzes Today
1
Colored Red Africa Blitz
2
Find the US States - No Outlines Minefield
3
Find the 'City' Movie
4
5x2 Blitz: Bands
5
The Countries of the World
6
Find the US States
7
Find the Countries of Europe - No Outlines Minefield
8
US States
More Entertainment Quizzes
This is Your Life: Escanor
Quiz Lab
Trending Quizzes
Colored Red Europe Blitz I
Colored Red Europe Blitz II
Colored Red Africa Blitz II
Colored Red Europe Blitz III
Colored Red Africa Blitz III
Recently Updated
How Do You Spell That?
pecheneg
Godzilla Movies
pecheneg
Grab Bag: 4-10 Letters
pecheneg
2024 March Madness Bracket
pecheneg
Famous TV Couples
Peacemaker
Champions League XIs: Real Madrid
pecheneg
Largest US Cities 1790-2010
pecheneg
Rides in Walt Disney World
pecheneg
Most Oscar Losses (Acting)
pecheneg
Beyoncé Albums
pecheneg
Trending Topics
Anime
Kpop
Harry Potter
Marvel
Crossword
NBA
Disney
Pokémon
WWE
Puzzle
The Office
NFL
Country
Soccer
Song
Your Account Isn't Verified!
In order to create a playlist on Sporcle, you need to verify the email address you used during registration. Go to your
Sporcle Settings
to finish the process.
Report this User
Report this user for behavior that violates our
Community Guidelines
.
Details:
Send Report
Go to the Sporcle.com Mobile Site →
Comments